| 000 | 00340nam a2200145Ia 4500 | ||
|---|---|---|---|
| 008 | 230917s9999||||xx |||||||||||||| ||und|| | ||
| 040 |
_e50177 _aMAIN |
||
| 041 | _aEnglish | ||
| 082 | _a294.1 D197V | ||
| 100 | _aDandekar, R N | ||
| 245 | 0 | _aVedic mythological tracts | |
| 260 |
_aDelhi _bAjanta _c1979 |
||
| 300 | _a383 p. | ||
| 942 | _cBK | ||
| 999 |
_c199128 _d199128 |
||